| 000 | 01776nam a22002657a 4500 | ||
|---|---|---|---|
| 003 | SEM | ||
| 005 | 20220608073510.0 | ||
| 008 | 161111b xxu||||| |||| 00| 0 arm | ||
| 020 | _a9789939853215 | ||
| 040 |
_aՍԷՄ _cՍԷՄ |
||
| 041 | 0 | _aarm. | |
| 245 | 0 | 0 |
_aՅետջրհեղեղեան օրերն Արարատեան երկրում (ըստ հին աղբիւրների): _bԳրքեր Ծննդոց, Յոբելենից կամ Փոքր Ծննդոց, Նոյեան պտոյտները դէպի Եւրոպա: / _cԲերոսոս Քաղդէացի, Աբիւդէնոս, Ալեքսանդր Բազմավէպ, Նիկողայոս Դամասկացի, Յովսեպոս Փլաւիոս; Կազմ., ծանոթ.` Գ. Մադոյեան; Խմբ.` Ս. Հնձացեան |
| 246 |
_a[Հետջրհեղեղյան օրերն Արարատյան երկրում (ըստ հին աղբյուրների): _bԳրքեր. Ծննդոց Հոբելենից կամ Փոքր Ծննդոց Նոյյան պտույտները դեպի Եվրոպա: ] |
||
| 260 |
_aԵրևան: _bԱրագածոտնի թեմ, _c2016. |
||
| 300 |
_a65 էջ; _bնկ.; _c15 սմ. |
||
| 650 |
_aՀայաստան _xաղբյուրագիտություն |
||
| 700 | 1 |
_aԲերոսոս Քաղդէացի _q(Բերոսոս Քաղդեացի) |
|
| 700 | 1 |
_aԱբիւդէնոս _q(Աբյուդենոս) |
|
| 700 | 1 |
_aԱլեքսանդր Բազմավէպ _q(Ալեքսանդր Բազմավեպ) |
|
| 700 | 1 | _aՆիկողայոս Դամասկացի | |
| 700 | 1 |
_aՅովսեպոս Փլաւիոս _q(Հովսեփոս Փլավիոս) |
|
| 700 | 1 |
_aՄադոյեան Գէորգ _4կազմ. _4ծանոթ. _ecomp. _q(Մադոյան Գևորգ) |
|
| 700 | 1 |
_aՀնձացեան Սիրանոյշ _4խմբ. _eedt. _q(Հնձացյան Սիրանույշ) |
|
| 942 |
_2udc _cBK |
||
| 999 |
_c65665 _d65665 |
||